000 00669cam a2200241 4500500
005 20260405002137.0
041 _afre
042 _adc
100 1 0 _aLegros, Martin
_eauthor
245 0 0 _aEn bref / mars 2016
260 _c2016.
500 _a60
690 _aChauvet
690 _aDiscrimination
690 _aGénétique
690 _aPeter Singer
690 _aRamin Jahanbegloo
690 _aSpécisme
690 _aTaïwan
690 _aVégétarisme
786 0 _nPhilosophie magazine | 97 | 3 | 2016-03-01 | p. 2-2 | 1951-1787
856 4 1 _uhttps://shs.cairn.info/magazine-philosophie-magazine-2016-3-page-2?lang=fr&redirect-ssocas=7080
999 _c2054715
_d2054715